Le berceau de Paris / (Record no. 54126)
[ view plain ]
| 000 -LEADER | |
|---|---|
| campo de control de longitud fija | 00500nam a22001695i 4500 |
| 001 - NÚMERO DE CONTROL | |
| campo de control | 54126 |
| 003 - IDENTIFICADOR DE NÚMERO DE CONTROL | |
| campo de control | ES-MaACL |
| 007 - CAMPO FIJO DE DESCRIPCIÓN FÍSICA--INFORMACIÓN GENERAL | |
| campo de control de longitud fija | t| |
| 008 - DATOS DE LONGITUD FIJA--INFORMACIÓN GENERAL | |
| campo de control de longitud fija | 960711s1860 fr ||||1| fre d |
| 040 ## - FUENTE DE CATALOGACIÓN | |
| Centro catalogador/agencia de origen | CAM |
| Lengua de catalogación | spa |
| Centro/agencia transcriptor | CAM |
| 100 0# - ENTRADA PRINCIPAL--NOMBRE DE PERSONA | |
| Nombre de persona | Féval, Paul, |
| Fechas asociadas al nombre | 1816-1887 |
| 9 (RLIN) | 50646 |
| 245 13 - MENCIÓN DEL TÍTULO | |
| Título | Le berceau de Paris / |
| Mención de responsabilidad, etc. | Paul Féval. |
| 260 ## - PUBLICACIÓN, DISTRIBUCIÓN, ETC. | |
| Lugar de publicación, distribución, etc. | Paris : |
| Nombre del editor, distribuidor, etc. | Librairie nouvelle, A. Bourdilliat et Cie éditeurs, |
| Fecha de publicación, distribución, etc. | 1860. |
| 300 ## - DESCRIPCIÓN FÍSICA | |
| Extensión | [4], 318 p. ; |
| Dimensiones | 19 cm. |
| 852 ## - LOCALIZACIÓN | |
| Ubicación | ES-MaACL |
| Número de control de estantería | G-7397 |
| Estatus retirado | Estado de pérdida | Estado de daño | No para préstamo | Colección | Biblioteca de origen | Biblioteca actual | Ubicación en estantería | Fecha de adquisición | Fuente de adquisición | Total de préstamos | Signatura topográfica completa | Código de barras | Visto por última vez | Precio de reemplazo | Tipo de ítem Koha |
|---|---|---|---|---|---|---|---|---|---|---|---|---|---|---|---|
| Libros del s. XIX | Biblioteca del Ateneo de Madrid | Biblioteca del Ateneo de Madrid | Depósito 2 | 17/01/2008 | G-7397 | 1056883 | 23/02/2023 | 23/02/2023 | Libro impreso antiguo |
